| 000 | 00446nam a2200181Ia 4500 | ||
|---|---|---|---|
| 003 | GCL | ||
| 008 | 140319s9999 xx 000 0 eng d | ||
| 040 |
_aGCL / _cGCL |
||
| 082 | 0 | 4 |
_aCH _b328.087 _bA U |
| 100 | 1 | _aAINSWORTH, ALISON | |
| 245 | 1 | 0 |
_aTHE UGLY DUDSLING / _cAINSWORTH, ALISON |
| 260 |
_a[S.N] : _bLODYBIRD BOOKS |
||
| 300 | _a51 | ||
| 650 | 0 | 4 | _aLITERATURE |
| 650 | 0 | 4 | _aCHILDREN |
| 650 | 0 | 4 | _aCHILDREN - STORIES |
| 942 |
_2ddc _cBK |
||
| 999 |
_c18000 _d18000 |
||